000 00709nam a2200145Ia 4500
008 220620s9999||||xx |||||||||||||| ||und||
020 _a9789590000000
100 _avan Geest, Paul
245 0 _aMagnum Beneficium est Pax, sed Dei Veri Beneficium est (ciu., 3.9). Augustine’s Realism, Strategy, and Insight into Human Motives as a Prelude to Peace at all Levels of Human Existence
546 _aEnglish[eng]
650 _aAugustine||leadership||mystagogy||patristics||politics||rationality||religion
700 _aDupont, Anthony||Eguiarte Bendímez, Enrique||Alberto Villabona Vargas, Carlos
856 _uhttps://editorial.uniagustiniana.edu.co/index.php/editorial/catalog/book/34
942 _cEB
999 _c22599
_d22599